000 01563nam0a2200421 4500
001 RU\NLR\bibl\203590
005 20250619094210.0
010 _a5-8459-0109-X
_95000
020 _aRU
_b01-25673
_9Книжная летопись
021 _aRU
_b2001-7611
_9370
035 _a(NLR Aleph) 000199882
090 _a1158113
_c1158113
100 _a20011112d2000 |||y0rusy50 ca
101 1 _arus
_ceng
102 _aRU
105 _aa |||||||||
200 1 _aБазы данных
_eПроектирование, реализация и сопровождение
_eТеория и практика
_f[Т. Коннолли, К. Бегг, А. Страчан
_gПер. с англ. к.ф.-м.н. Ю.Г. Гордиенко, А.В. Слепцова]
205 _a2-е изд.
210 _aМ. и др.
_cВильямс
_d2000
215 _a1111 с.
_cил.
_d24
313 _aИздание проверено
320 _aБиблиогр.: с. 1081-1100
320 _aПредм. указ.: с. 1101-1111
606 0 _aБазы данных
_91109468
_3RU\NLR\auth\66118319
610 0 _aБазы данных
675 _a004.65
_v3
_zrus
686 _a50
_2rugasnti
686 _a32.973.26-018.2
_2rubbk
686 _aЗ973.233-018.2
700 1 _aКоннолли
_bТ.
_gТомас
_4070
701 1 _aБегг
_bК.
_gКаролин
_4070
701 1 _aСтрачан
_bА.
_gАнна
_4070
801 0 _aRU
_bRKP
_c20011112
_gPSBO
801 1 _aRU
_bRKP
_c20011112
801 2 _aRU
_bNLR
_c20021027
_grcr
942 _cBOOK
980 _aNB